Score 0/114 Timer 12:00
2 Plays Today
Play Character % Correct
HamletHamlet
83.3%
Romeo and JulietRomeo Montague
81.6%
Romeo and JulietJuliet Capulet
79.4%
MacbethMacbeth
74.8%
Henry IV Part 1Prince Hal
74%
Henry IV Part 2Prince Hal
74%
OthelloOthello
73.7%
Henry VHenry V
73.3%
Antony and CleopatraMark Antony
72.9%
Julius CaesarMark Antony
72.9%
Antony and CleopatraCleopatra
72.9%
King LearLear
71%
Henry VI Part 2Henry VI
68.4%
King JohnKing John
67.6%
Richard IIRichard II
66.1%
Richard IIIRichard III
64.1%
Titus AndronicusTitus Andronicus
61.5%
Henry VIIIHenry VIII
61.3%
Richard IIHenry Bolingbroke
60.6%
Henry IV Part 2Henry IV
60.5%
Troilus and CressidaTroilus
58.7%
Timon of AthensTimon
57.6%
CoriolanusCoriolanus
56.9%
MacbethLady Macbeth
56.3%
OthelloIago
55.8%
PericlesPericles
55.6%
Julius CaesarMarcus Brutus
50.9%
OthelloDesdemona
39.6%
Merchant of VeniceShylock
37.4%
Henry IV Part 1John Falstaff
35.6%
Henry IV Part 2John Falstaff
35.6%
Merry Wives of WindsorJohn Falstaff
35.6%
All's Well That Ends WellKing of France
29.2%
Taming of the ShrewKaterina
28.9%
Tempest, TheProspero
27.4%
HamletPolonius
27.1%
Midsummer's Night DreamNick Bottom
25.7%
HamletClaudius
25.2%
Play Character % Correct
Twelfth NightViola
24.8%
Merchant of VenicePortia
24%
Julius CaesarCaius Cassius
20.7%
Tempest, TheAriel
19.8%
All's Well That Ends WellHelena
18.4%
Midsummer's Night DreamHelena
18.4%
Tempest, TheCaliban
18.1%
As You Like ItRosalind
17.3%
Much Ado About NothingBenedick
16.7%
Twelfth NightOlivia/Feste
15.2%
Taming of the ShrewPetruchio
15.1%
Richard IIIElizabeth
15%
Henry VI Part 1Duke of Gloucester/Richard Plantagenet
13%
Antony and CleopatraOctavius Caesar
12.8%
MacbethMalcolm
11.3%
Romeo and JulietFriar Lawrence
11.2%
King LearEdgar
10.6%
Henry VI Part 3Edward IV
9.9%
As You Like ItOrlando
9.8%
Henry IV Part 1Hotspur
8.6%
Henry VI Part 2Margaret
8.4%
Merchant of VeniceBassanio
7.8%
King LearKent
7.6%
As You Like ItThe Clown (Touchstone)
7.3%
Twelfth NightSir Toby Belch
7.3%
Much Ado About NothingDon Pedro
7.1%
Measure for MeasureIsabella
7%
CymbelineImogen
6.8%
Titus AndronicusMarcus Andronicus
6.7%
Comedy of Errors, TheDromio (of Syracuse)
6.5%
Midsummer's Night DreamTheseus
5.9%
Two Gentlemen of VeronaJulia
5.6%
Henry VIIICardinal Wolsey
5.4%
Comedy of Errors, TheAntipholus (of Syracuse)
5.1%
King JohnPhilip the Bastard
5%
Titus AndronicusAaron
5%
Henry VI Part 2Richard Plantagenet
5%
Two Gentlemen of VeronaValentine
4.9%
Play Character % Correct
Love's Labour's LostFerdinand
4.9%
Measure for MeasureAngelo
4.7%
Winter's Tale, TheLeontes
4.7%
Two Gentlemen of VeronaProteus
4.2%
Henry VIIIKatharine
4.2%
Richard IIIDuke of Buckingham
4.2%
Henry VI Part 3Earl of Warwick
4.2%
Love's Labour's LostBerowne
4%
Merry Wives of WindsorFrank Ford
3.9%
Henry VI Part 1Joan La Pucelle (Joan of Arc)
3.9%
Much Ado About NothingLeonato
3.9%
Henry VArchbishop of Canterbury/Chorus
3.8%
Merry Wives of WindsorMistress Page
3.8%
CoriolanusVolumnia
3.6%
Love's Labour's LostPrincess of France
3.3%
Troilus and CressidaPandarus
3.2%
Two Noble KinsmenEmilia
3.1%
Comedy of Errors, TheAdriana
3.1%
Troilus and CressidaUlysses
3%
Measure for MeasureVincentio
2.9%
All's Well That Ends WellParolles
2.7%
CymbelinePosthumus Leonatus
2.5%
Winter's Tale, ThePaulina
2.5%
CymbelineIachimo
2.4%
Henry VI Part 1Lord Talbot
2.4%
PericlesMarina
2.3%
Two Noble KinsmenPalamon
2.2%
Two Noble KinsmenArcite
2.2%
CoriolanusMenenius Agrippa
2.1%
Taming of the ShrewTranio
1.9%
Henry VFluellen
1.9%
King JohnConstance
1.7%
PericlesGower
1.5%
Timon of AthensFlavius
1.3%
Winter's Tale, TheCamillo
1.2%
Timon of AthensApemantus
1.1%
Richard IIEdmund of Langley
1%
Henry VI Part 3Richard Gloucester
0.8%

You're not logged in!

Compare scores with friends on all Sporcle quizzes.
OR
Log In

Sporcle TV

Today on Sporcle TV


Watch our educational content, quiz creation guides, and fun videos on Sporcle TV.

Show Comments

Extras

Top Quizzes Today


Score Distribution

Paid Content

Your Account Isn't Verified!

In order to create a playlist on Sporcle, you need to verify the email address you used during registration. Go to your Sporcle Settings to finish the process.

Report this User

Report this user for behavior that violates our Community Guidelines.

Details: